000 00983nam a22002057a 4500
008 100628s2003 ua||||||r||| 000 0cra d
082 _222
_a320.54095694
_bأ ش ع
100 _915398
_aالأشعل، عبد الله
245 _aالفكر الصهيوني في مذكرات البرت اينشتاين و أرييل شارون /
_cعبد الله الأشعل
260 _aالقاهرة:
_bمؤسسة الطوبجي ، 2003
_c2003
300 _a261 ص ؛
_c24 سم
500 _aيشتمل على ملحق بالصور
504 _aبليوجرافية ص 261
541 _aألف باء ؛
600 _915403
_aأينشتاين، ألبرت
_d1879-1955
600 _915405
_aشارون، أرييل
_d1928-
650 _913307
_aالصهيونية
942 _2ddc
_cBB
999 _c14272
_d14272